| 000 -LEADER |
| fixed length control field |
01620nam a22001577a 4500 |
| 008 - FIXED-LENGTH DATA ELEMENTS--GENERAL INFORMATION |
| fixed length control field |
210220b ||||| |||| 00| 0 eng d |
| 100 ## - MAIN ENTRY--PERSONAL NAME |
| Personal name |
Bodenhamer, Aysha and Shriver, Thomas E. |
| 245 ## - TITLE STATEMENT |
| Title |
Environmental health advocacy and industry obstruction: The case of black lung disease |
| 260 ## - PUBLICATION, DISTRIBUTION, ETC. (IMPRINT) |
| Place of publication, distribution, etc |
Rural Sociology |
| 300 ## - PHYSICAL DESCRIPTION |
| Extent |
85(3), Sep, 2020: p.757-779 |
| 520 ## - SUMMARY, ETC. |
| Summary, etc |
There has been a deadly resurgence of black lung disease, particularly in central Appalachia. The disease has a long and contentious history in the United States. During the 1960s, coal miners and their supporters successfully mobilized for recognition and treatment of the disease when it was largely eradicated. We draw from literature on environmental health movements and contested environmental illness to analyze black lung advocacy and continued obstruction from the coal industry. Our data come from a case study that includes in‐depth interviews, participant observation, and document analysis. Results indicate that the black lung movement is now being spearheaded by professionals, such as medical and legal advocates, who partner with retired miners and their supporters. Unlike previous organizing efforts around black lung, active miners are largely absent from current advocacy efforts. Our findings also reveal four major obstruction tactics utilized by the industry, including: (1) industry denial, (2) falsifying records, (3) fear and intimidation, and (4) contestation of new regulations. - Reproduced |
| 650 ## - SUBJECT ADDED ENTRY--TOPICAL TERM |
| Topical term or geographic name as entry element |
Lungs - Dust diseases |
| 9 (RLIN) |
24286 |
| 773 ## - HOST ITEM ENTRY |
| Main entry heading |
Rural Sociology |
| 906 ## - LOCAL DATA ELEMENT F, LDF (RLIN) |
| Subject DIP |
COAL MINERS |
| 942 ## - ADDED ENTRY ELEMENTS (KOHA) |
| Item type |
Articles |